Loading...
History - American History | 2 | 3 | 1 | 1 | 55 | 24 | 75.80 | 3 | 5 |
History - European History | 1 | 4 | 1 | 1 | 50 | 33 | 84.40 | 2 | 5 |
Religion | 2 | 1 | 0 | 0 | 40 | 51 | 88.67 | 2 | 3 |
Fine Arts - Visual Fine Arts | 2 | 2 | 2 | 0 | 40 | 64 | 86.25 | 2 | 4 |
History - World History | 2 | 2 | 2 | 1 | 40 | 60 | 83.75 | 2 | 4 |
History - Ancient History | 1 | 3 | 1 | 0 | 40 | 72 | 85.00 | 2 | 4 |
Science - Physics | 1 | 1 | 0 | 1 | 25 | 71 | 102.00 | 1 | 2 |
Science - Chemistry | 0 | 2 | 0 | 0 | 20 | 105 | 114.50 | 0 | 2 |
Fine Arts - Auditory Fine Arts | 0 | 3 | 2 | 1 | 20 | 100 | 126.33 | 0 | 3 |
Mythology | 1 | 0 | 0 | 0 | 15 | 53 | 53.00 | 1 | 1 |
Current Events | 0 | 1 | 0 | 1 | 10 | 131 | 131.00 | 0 | 1 |
Literature - World Literature | 0 | 1 | 0 | 0 | 10 | 96 | 96.00 | 1 | 1 |
Literature - British Literature | 0 | 1 | 1 | 0 | 5 | 107 | 107.00 | 1 | 1 |
Geography | 0 | 1 | 1 | 0 | 5 | 92 | 92.00 | 0 | 1 |
Literature - European Literature | 0 | 0 | 1 | 0 | -5 | 0.00 | 0 | 0 |